000 01140nam a2200313 a 4500
001 000115743
003 CHAP
005 20220329144546.0
008 190701s2019 mx |sm |||||||spa d
010 _a112204
011 _a113176
040 _cCHAP
090 _aTesis
100 0 0 _aOlvera Martínez, José Alfredo.
_983245
245 1 3 _aLa red valor romero (Rosmarinus officinalis) del Oriente del Estado de México
_h[En línea]
_cpor José Alfredo Olvera Martínez.
260 _aChapingo, Méx. :
_bEl autor,
_c2019.
500 _aPara ver el contenido del material haga clic en la liga
502 _aTesis (M. en Estrategia Agroempresarial) -- UACH. CIESTAAM
590 _aE11695DGD
_b10
_c20190703
_lUCH01
_h1049
590 _aE5765TAJ
_b05
_c20190701
_lUCH01
_h1043
590 _aE5765TAJ
_b05
_c20190701
_lUCH01
_h1043
650 1 4 _aRosmarinus officinalis
_xCultivo.
_9136342
650 1 4 _aRosmarinus officinalis
_xMercadeo.
_9136344
650 1 4 _aRosmarinus officinalis
_xRendimiento.
_9136343
856 _aFinding aid
_uhttp://10.13.5.2/tesis/sist115743.pdf
_zTeclea aquí
901 _aBK
942 _cTESIS
942 _n0
999 _c112204
_d112204